Statistiken für Hauptstädte, die mit B beginnen

Klicken Sie hier um das Quiz zu spielen!

Allgemein

  • Dieses Quiz wurde 183 mal gespielt
  • Das Durchschnittsergebnis liegt bei 15 aus 25

Antwortstatistiken

Hauptstädte% Korrekt
Berlin
93%
Brüssel
87%
Bern
79%
Brasília
79%
Budapest
77%
Bukarest
74%
Bogotá
71%
Buenos Aires
68%
Belgrad
66%
Bratislava
66%
Bagdad
65%
Bangkok
63%
Beirut
58%
Bischkek
58%
Baku
55%
Belmopan
51%
Bamako
50%
Bridgetown
46%
Brazzaville
45%
Banjul
43%
Bandar Seri Begawan
40%
Bangui
40%
Basseterre
33%
Bissau
27%
Bloemfontein
26%

Verteilung der Resultate

Perzentil nach korrekt beantworteten Fragen

Anzahl Personen mit jedem Resultat

Ihre Resultats-Entwicklung

Sie haben dieses Quiz noch nicht gespielt